| 000 | 01083nam a2200325 4500 | ||
|---|---|---|---|
| 001 | 0000015515 | ||
| 003 | CO-CtgCURN | ||
| 005 | 20250429224759.0 | ||
| 007 | ta | ||
| 008 | 160627s1995 000 0 eng d | ||
| 020 | _a8448702077 | ||
| 040 |
_aCO-CtgCURN _bspa _ccoctgcurn |
||
| 082 | 0 |
_a231.6 _bS41t |
|
| 100 | 1 | _aSibuda, Ram n. | |
| 245 | 1 | 0 |
_aTratado del amor de las criaturas / _cRamon Sibiuda , traducción, prologo y notas Ana Martínez Arancon. |
| 260 |
_aMadrid : _bEdiciones Altaya, _c1995. |
||
| 300 | _a199 p. | ||
| 336 | _2rdacontent | ||
| 337 |
_2rdamedia _asin mediacion _bn |
||
| 338 |
_2rdacarrier _avolumen _bnc |
||
| 490 | 1 |
_aGrandes obras del pensamiento ; _v85 |
|
| 500 | _aIncluye apendice. | ||
| 504 | _aBibliografia (p. 57 ) | ||
| 505 | 8 | _aLibro de la criaturas.--Del amor y de su fuerza de origen y sus frutos.--Obra literaria | |
| 650 | 1 | 4 | _aAmor (Teología) |
| 700 | 1 |
_aMartínez Arancon, Ana, _eTraductor. |
|
| 908 | _a160627 | ||
| 942 |
_cBK _h231.6 _iS41t _2ddc |
||
| 999 |
_c43463 _d43463 |
||